Statystyki dla Polscy Politycy 2023 roku!

Kliknij tutaj aby rozwiązać quiz!

Ogólne statystyki

  • Ten quiz został rozwiązany 248 razy
  • Średni wynik to 17 z 20

Statystyki odpowiedzi

Odpowiedź% Poprawnych
Andrzej Duda
100%
Szymon Hołownia
100%
Donald Tusk
99%
Mateusz Morawiecki
98%
Grzegorz Braun
94%
Jarosław Kaczyński
94%
Sławomir Mentzen
92%
Janusz Korwin-Mikke
91%
Robert Biedroń
91%
Zbigniew Ziobro
91%
Borys Budka
87%
Krzysztof Bosak
86%
Władysław Kosiniak-Kamysz
85%
Elżbieta Witek
82%
Przemysław Czarnek
82%
Antoni Macierewicz
76%
Mariusz Błaszczak
72%
Włodzimierz Czarzasty
72%
Ryszard Petru
67%
Marek Sawicki
45%

Rozkład punktacji

Percentyl według liczby udzielonych odpowiedzi

Procent ludzi z każdym wynikiem

Twoja historia wyników

Nie rozwiązałeś tego quizu